000 00807nam a22002177a 4500
003 OSt
005 20160910140041.0
008 160910b xxu||||| |||| 00| 0 eng d
020 _a92-1-120148-9
040 _cLIC
082 _22003
_aDC 330.950452
_bEc7
245 _aEconomic and social survey of Asia and the Pacific.
260 _aBangkok :
_bUnited Nations,
_cc2003.
300 _axvii, 298 pages:
_billustrations;
_c26 cm.
440 _914389
_aEconomic and Social Commission for Asia and the Pacific
650 0 _914390
_aAsia -- Economic conditions -- 1945- -- Periodicals
650 0 _914391
_aAsia -- Social conditions -- Periodicals
650 0 _914392
_aPacific Area -- Economic conditions -- Periodicals
650 0 _914393
_aPacific Area -- Social conditions -- Periodicals
942 _2ddc
_cDC
999 _c4463
_d4463